000
00235nam a2200097Ia 4500
008
230915s9999 xx 000 0 und d
050
_a
QA76.73.P22 S38 1997
100
_a
RANDALL L. SCHWARTZ
245
0
_a
LEARNING PEARL
942
_c
BK
999
_c
183878
_d
183878